000 00534nam a2200157 a 4500
001 BRCA_304
005 20190320202944.0
008 950810s1994 mx-a---##b---#000-0#spa-d
040 _aDLC
_cDLC
050 4 _aZ211.G9
_b.A14 1994
245 1 0 _a200 años de la imprenta en Guadalajara
_brecopilación
260 _aGuadalajara, Jalisco
_bCámara Nacional de la Industria de Artes Gráficas, Delegación Jalisco
_c1994
300 _a117 p.
_bil.
_c23 cm.
650 1 4 _aImprenta
_xHistoria
_zGuadalajara, Jalisco (México)
_91022
942 _2lcc
_cB
999 _c246
_d246